[Event "Open Olimpico A Maggio"]
[Site "Torino ITA"]
[Date "2006.05.26"]
[Round "6"]
[White "Llupa, Oltjon"]
[Black "Jones, Alessandro"]
[Result "0-1"]
[WhiteElo "1995"]
[BlackElo "1824"]
[PlyCount "98"]
[EventDate "2006.05.22"]

1. d4 d5 2. c4 c6 3. Nc3 Nf6 4. Nf3 e6 5. Bg5 h6 6. Bh4 Nbd7 7. a3 Be7 8. Bg3
dxc4 9. e4 b5 10. a4 b4 11. e5 bxc3 12. exf6 cxb2 13. fxe7 Qa5+ 14. Nd2 bxa1=Q
15. Qxa1 Kxe7 16. Bxc4 Ba6 17. Bxa6 Qxa6 18. Ne4 Qa5+ 19. Ke2 f5 20. Qa3+ c5
21. Nd6 Qb4 22. Qe3 g6 23. d5 Qb2+ 24. Ke1 e5 25. Nc4 Qb4+ 26. Nd2 f4 27. d6+
Kxd6 28. Qd3+ Kc7 29. Ke2 fxg3 30. Nc4 Qxa4 31. Rb1 Qa6 32. hxg3 Rhf8 33. Rd1
Rad8 34. Qc3 Rfe8 35. Ra1 Qb7 36. Qa5+ Nb6 37. Qxc5+ Kb8 38. Na5 Qe4+ 39. Kf1
Rc8 40. Qd6+ Ka8 41. Kg1 Qd4 42. Qa3 Rc2 43. Rf1 e4 44. Kh1 Qc5 45. Qa1 Re5 46.
Nb3 Qc3 47. Qa3 Rxf2 48. Rc1 Rh5+ 49. Kg1 Rxg2+ 0-1

[Event "Open Olimpico A Maggio"]
[Site "Torino ITA"]
[Date "2006.05.26"]
[Round "6"]
[White "Messina, Marco"]
[Black "Sellitti, Federico"]
[Result "1/2-1/2"]
[WhiteElo "2034"]
[BlackElo "2124"]
[PlyCount "78"]
[EventDate "2006.05.22"]

1. d4 Nf6 2. c4 e6 3. Nc3 Bb4 4. Qc2 d5 5. e3 O-O 6. Nf3 c5 7. Bd2 Nc6 8. a3
Bxc3 9. Bxc3 b6 10. Bd3 h6 11. O-O cxd4 12. Nxd4 Nxd4 13. Bxd4 Bb7 14. b4 dxc4
15. Bxc4 Rc8 16. Qe2 Ne4 17. Rac1 Qg5 18. f3 Nd6 19. Bd3 Nf5 20. Bxf5 exf5 21.
Qf2 Qe7 22. Rc2 Qe6 23. Qg3 f6 24. Rc7 Rxc7 25. Qxc7 Qd5 26. Qg3 Qc6 27. Qf4
Ba6 28. Ra1 Bd3 29. h3 Rc8 30. Qg3 Kh7 31. Qe1 Qc4 32. Qd2 f4 33. Rd1 fxe3 34.
Bxe3 Bg6 35. Rc1 Bc2 36. a4 Qb3 37. a5 bxa5 38. bxa5 a6 39. Bb6 Rc4 1/2-1/2

[Event "Open Olimpico A Maggio"]
[Site "Torino ITA"]
[Date "2006.05.26"]
[Round "6"]
[White "Mordiglia, Riccardo"]
[Black "Fossati, Remigio"]
[Result "0-1"]
[WhiteElo "2110"]
[BlackElo "2181"]
[PlyCount "78"]
[EventDate "2006.05.22"]

1. d4 d5 2. Nc3 Nf6 3. Bg5 e6 4. e4 Bb4 5. e5 h6 6. Bd2 Bxc3 7. bxc3 Ne4 8. Nf3
c5 9. Bd3 Nc6 10. O-O Nxd2 11. Qxd2 Qa5 12. Rfd1 cxd4 13. cxd4 Qxd2 14. Rxd2
Na5 15. Rb1 Bd7 16. Rdd1 Rc8 17. Rb4 Ke7 18. h4 Rc7 19. h5 Rhc8 20. Rdb1 Rc3
21. Nd2 b6 22. Nf3 Ra3 23. Ra1 Ba4 24. Rb2 Rac3 25. Ne1 Nc4 26. Rb4 b5 27. Rc1
a5 28. Rbb1 Na3 29. Rb2 b4 30. f4 Bb5 31. Bh7 Be2 32. f5 Rh8 33. f6+ gxf6 34.
exf6+ Kxf6 35. Bd3 Bxh5 36. Nf3 Bxf3 37. gxf3 Rhc8 38. Rb3 R3c7 39. Rb2 Nc4 0-1

[Event "Open Olimpico A Maggio"]
[Site "Torino ITA"]
[Date "2006.05.26"]
[Round "6"]
[White "Palmisano, Giuseppe"]
[Black "Saccona, Silvano"]
[Result "0-1"]
[WhiteElo "1951"]
[BlackElo "2162"]
[PlyCount "88"]
[EventDate "2006.05.22"]

1. d4 c6 2. c4 d5 3. Nc3 e6 4. Bf4 dxc4 5. a4 Bb4 6. e3 Nf6 7. Bxc4 Nd5 8. Nge2
Nxf4 9. Nxf4 O-O 10. O-O Qe7 11. Qh5 Nd7 12. Ne4 Nf6 13. Nxf6+ Qxf6 14. Nd3 Bd6
15. f4 g6 16. Qf3 Rb8 17. a5 Qd8 18. g4 Kg7 19. Rf2 Rh8 20. Rg2 f6 21. h4 Bd7
22. f5 Qe7 23. e4 e5 24. Qe3 exd4 25. Qxd4 c5 26. Qe3 Rhe8 27. Re2 Be5 28. Qxc5
Qxc5+ 29. Nxc5 Bd4+ 30. Kg2 Bxc5 31. Bd5 Re7 32. Rd2 Be8 33. Be6 Bf7 34. Bxf7
Kxf7 35. Rd5 b6 36. g5 Rxe4 37. axb6 Bxb6 38. Rd7+ Re7 39. Rad1 Rbe8 40. fxg6+
hxg6 41. R1d6 fxg5 42. hxg5 Rxd7 43. Rxd7+ Ke6 44. Rd3 Kf5 0-1

[Event "Open Olimpico A Maggio"]
[Site "Torino ITA"]
[Date "2006.05.26"]
[Round "6"]
[White "Parodi, Alessandro"]
[Black "Frigieri, Fabrizio"]
[Result "0-1"]
[WhiteElo "1928"]
[BlackElo "2080"]
[PlyCount "108"]
[EventDate "2006.05.22"]

1. d4 d5 2. c4 e6 3. Nc3 c6 4. Nf3 dxc4 5. e4 b5 6. a4 Bb4 7. Bd2 a5 8. axb5
Bxc3 9. Bxc3 cxb5 10. b3 Bb7 11. bxc4 b4 12. Bd2 Bxe4 13. d5 Nd7 14. Qa4 Bxf3
15. gxf3 Rb8 16. Qxa5 Qxa5 17. Rxa5 Ngf6 18. Bd3 O-O 19. O-O Ne5 20. Be2 exd5
21. cxd5 Rfc8 22. Bf4 Nfd7 23. Bb5 Rb6 24. Bxd7 Nxd7 25. Rb1 f6 26. Ra4 b3 27.
Rd4 g5 28. Be3 Rb5 29. Rd3 b2 30. Kg2 Ne5 31. Rdd1 Nc4 32. Bd4 Kf7 33. d6 Rd8
34. Bc3 Rb3 35. Rd3 Ke6 36. Bxf6 Rxd3 37. Bxd8 Rb3 38. Bxg5 Na3 39. Re1+ Kd7
40. Bf4 b1=Q 41. Rxb1 Nxb1 42. Kh3 Rxf3+ 43. Bg3 Nd2 44. Kg4 Rf7 45. h4 Ne4 46.
Be5 Nxf2+ 47. Kg5 Ne4+ 48. Kh6 Nxd6 49. h5 Ke6 50. Bh8 Nf5+ 51. Kg5 Rf8 52. Bb2
Rg8+ 53. Kf4 h6 54. Be5 Ng3 0-1

[Event "Open Olimpico A Maggio"]
[Site "Torino ITA"]
[Date "2006.05.26"]
[Round "6"]
[White "Pieri, Enzo"]
[Black "Leoni, Alessandro"]
[Result "0-1"]
[WhiteElo "1940"]
[BlackElo "1835"]
[PlyCount "112"]
[EventDate "2006.05.22"]

1. e4 c5 2. Nf3 a6 3. d4 cxd4 4. Nxd4 Nf6 5. Nc3 e5 6. Nf5 d5 7. Ng3 d4 8. Nb1
Bb4+ 9. Bd2 Bxd2+ 10. Nxd2 O-O 11. Bd3 Nc6 12. a3 Bg4 13. f3 Be6 14. O-O Rc8
15. Rc1 Na5 16. b4 Nc4 17. Nxc4 Bxc4 18. Rf2 Be6 19. Ne2 Qd7 20. c3 dxc3 21.
Nxc3 Rfd8 22. Nd5 Rxc1 23. Qxc1 Nxd5 24. exd5 Qxd5 25. Be4 Qd1+ 26. Qxd1 Rxd1+
27. Rf1 Rxf1+ 28. Kxf1 b6 29. Ke2 f5 30. Bb7 Bc4+ 31. Kd2 Kf8 32. Kc3 Bf1 33.
g3 Ke7 34. Bd5 Kd6 35. Bg8 h6 36. Bh7 Bg2 37. Bxf5 Bxf3 38. Bd3 Bb7 39. Kd2 e4
40. Be2 Kd5 41. Ke3 a5 42. h4 axb4 43. axb4 Bc6 44. g4 g5 45. hxg5 hxg5 46. Bf1
Bd7 47. Be2 Ba4 48. Ba6 Bd1 49. Bc8 Bf3 50. b5 Ke5 51. Bd7 Bd1 52. Bf5 Bc2 53.
Bd7 Kd6 54. Bc6 Bd1 55. Kxe4 Bxg4 56. Kd4 Bd7 0-1

[Event "Open Olimpico A Maggio"]
[Site "Torino ITA"]
[Date "2006.05.26"]
[Round "6"]
[White "Pomerleano, Daniel"]
[Black "Bozzali, Ermanno"]
[Result "1-0"]
[WhiteElo "2280"]
[BlackElo "2089"]
[PlyCount "93"]
[EventDate "2006.05.22"]

1. d4 Nf6 2. Nf3 e6 3. c4 Bb4+ 4. Nbd2 Qe7 5. a3 Bxd2+ 6. Qxd2 d6 7. e3 e5 8.
b4 e4 9. Ng1 d5 10. Ne2 O-O 11. Nc3 c6 12. a4 Re8 13. Ba3 dxc4 14. Bxc4 Be6 15.
b5 Qd8 16. Be2 Nbd7 17. bxc6 bxc6 18. O-O Rb8 19. Bd6 Rb3 20. a5 Nf8 21. Bg3
Ng6 22. Qc2 Qc8 23. d5 cxd5 24. Qxb3 d4 25. Qb4 dxc3 26. Rfc1 Nd5 27. Qd4 f5
28. Qxa7 f4 29. Bxf4 Ngxf4 30. exf4 Nxf4 31. Ba6 Qd8 32. Rxc3 Qf6 33. Rac1 Rd8
34. Rg3 h5 35. h4 Bg4 36. Bf1 Nd3 37. Rc7 Qa1 38. f3 Rf8 39. Rxg7+ Qxg7 40.
Qxg7+ Kxg7 41. fxg4 Rf4 42. gxh5+ Kh6 43. Bxd3 exd3 44. Rxd3 Kxh5 45. Ra3 Rf7
46. a6 Ra7 47. g3 1-0

[Event "Open Olimpico A Maggio"]
[Site "Torino ITA"]
[Date "2006.05.26"]
[Round "6"]
[White "Ronzano, Luca"]
[Black "Kruijf, Caspar"]
[Result "0-1"]
[WhiteElo "1847"]
[BlackElo "2012"]
[PlyCount "76"]
[EventDate "2006.05.22"]

1. d4 d5 2. Nc3 Nf6 3. Bg5 e6 4. e4 dxe4 5. Nxe4 Be7 6. Bxf6 Bxf6 7. Nf3 O-O 8.
Nxf6+ Qxf6 9. Bd3 Nd7 10. Qd2 e5 11. O-O-O exd4 12. Ng5 g6 13. Ne4 Qg7 14. Qf4
Qe5 15. Qh6 Qg7 16. Qf4 Qe5 17. Qh4 Kg7 18. f4 Qd5 19. f5 f6 20. Kb1 Ne5 21. g4
Nxd3 22. fxg6 hxg6 23. cxd3 Be6 24. b3 g5 25. Qg3 Qe5 26. Qg2 Bd5 27. Rde1 Rae8
28. h4 Rh8 29. hxg5 fxg5 30. Re2 Rxh1+ 31. Qxh1 Qf4 32. Qg1 c5 33. Ng3 Rxe2 34.
Nh5+ Kg6 35. Nxf4+ gxf4 36. Qc1 f3 37. Qxc5 f2 38. Qd6+ Be6 0-1

[Event "Open Olimpico A Maggio"]
[Site "Torino ITA"]
[Date "2006.05.26"]
[Round "6"]
[White "Sgaravatti, Francesco"]
[Black "Zuluaga, Cesar"]
[Result "1-0"]
[WhiteElo "2124"]
[BlackElo "2226"]
[PlyCount "66"]
[EventDate "2006.05.22"]

1. e4 c5 2. c3 Nc6 3. d4 cxd4 4. cxd4 d5 5. exd5 Qxd5 6. Nf3 e5 7. Nc3 Bb4 8.
Qd2 Bxc3 9. bxc3 exd4 10. cxd4 Nge7 11. Be2 O-O 12. O-O Rd8 13. Rd1 Bg4 14. Qf4
Bf5 15. Be3 Ng6 16. Qg3 Nb4 17. Ne5 Rac8 18. h4 Rc2 19. Bf3 Be4 20. Bxe4 Qxe4
21. h5 Ne7 22. Bg5 Nbd5 23. Bxe7 Nxe7 24. Re1 Qf5 25. Ng4 Kf8 26. Ne3 Qd3 27.
Nxc2 Qxc2 28. Qe5 Nc6 29. Qc7 Qb2 30. Rac1 Qb4 31. Rb1 Qa5 32. Qxb7 Qd5 33.
Rbc1 Qb3 1-0

[Event "Open Olimpico A Maggio"]
[Site "Torino ITA"]
[Date "2006.05.26"]
[Round "6"]
[White "Simonenko, Sergey"]
[Black "Sardo, Gabriele"]
[Result "0-1"]
[WhiteElo "2409"]
[BlackElo "2186"]
[PlyCount "84"]
[EventDate "2006.05.22"]

1. d4 d5 2. Nf3 Nf6 3. e3 e6 4. Bd3 c5 5. c3 Nc6 6. Nbd2 Bd6 7. O-O O-O 8. dxc5
Bxc5 9. e4 Qc7 10. Qe2 h6 11. e5 Ng4 12. Nb3 Bb6 13. Bf4 f6 14. Rae1 fxe5 15.
Bg3 Qf7 16. Bxe5 Ngxe5 17. Nxe5 Nxe5 18. Qxe5 Bc7 19. Qd4 e5 20. Qh4 Bd7 21.
Nc5 Bc6 22. Qg4 e4 23. Be2 Rae8 24. Nb3 Re5 25. Nd4 Bd7 26. Qg3 Bb8 27. Bg4 Rg5
28. Bxd7 Qxd7 29. Qe3 Bf4 30. Qe2 Qh3 31. g3 Rh5 32. Qxh5 Qxh5 33. Ne6 Bd2 34.
Rd1 e3 35. Nxf8 Qxd1 36. Rxd1 e2 37. Rb1 Kxf8 38. f4 e1=Q+ 39. Rxe1 Bxe1 40.
Kf1 Bd2 41. Ke2 Bc1 42. b4 Ke7 0-1

[Event "Open Olimpico A Maggio"]
[Site "Torino ITA"]
[Date "2006.05.26"]
[Round "6"]
[White "Smith, Andrew Philip"]
[Black "Nolte, Rolando"]
[Result "0-1"]
[WhiteElo "2190"]
[BlackElo "2372"]
[PlyCount "94"]
[EventDate "2006.05.22"]

1. e4 c5 2. Nf3 d6 3. c3 Nf6 4. Be2 Nbd7 5. d3 b6 6. O-O Bb7 7. Re1 g6 8. Bf1
Bg7 9. Nbd2 O-O 10. d4 cxd4 11. cxd4 e5 12. d5 a5 13. Nc4 Nc5 14. Bg5 h6 15.
Bxf6 Bxf6 16. Rc1 Rc8 17. g3 Bg7 18. Bh3 Rb8 19. b3 Bc8 20. Bxc8 Rxc8 21. Nh4
h5 22. Nb2 Bh6 23. Rc2 b5 24. Nd3 Nxd3 25. Qxd3 Rxc2 26. Qxc2 Qd7 27. Re2 Rc8
28. Qd3 Rc5 29. Rc2 Qc7 30. Rxc5 Qxc5 31. Nf3 Qc1+ 32. Kg2 Qb2 33. a4 bxa4 34.
bxa4 Qa2 35. Qb5 Be3 36. Qf1 Bc5 37. Ng5 Qxa4 38. Qa6 Qc2 39. Qxa5 Qxf2+ 40.
Kh3 Qf1+ 41. Kh4 Qf6 42. Qd2 Bb6 43. g4 Bd8 44. gxh5 gxh5 45. Kxh5 Qg6+ 46. Kh4
Kg7 47. Kh3 Qh5+ 0-1

[Event "Open Olimpico A Maggio"]
[Site "Torino ITA"]
[Date "2006.05.26"]
[Round "6"]
[White "Vehi Bach, Victor Manuel"]
[Black "Ljubisavljevic, Zivojin Z."]
[Result "1/2-1/2"]
[WhiteElo "2335"]
[BlackElo "2313"]
[PlyCount "86"]
[EventDate "2006.05.22"]

1. e4 c6 2. d4 d5 3. e5 Bf5 4. Nf3 e6 5. a3 c5 6. c4 dxc4 7. Bxc4 Nc6 8. O-O
cxd4 9. Bb5 Bc5 10. b4 Bb6 11. Bb2 Bg4 12. Nbd2 Nge7 13. h3 Bh5 14. g4 Bg6 15.
Nc4 O-O 16. Nxb6 Qxb6 17. Bxc6 Qxc6 18. Rc1 Qa6 19. Nxd4 Rfd8 20. Qf3 Rd7 21.
Rfd1 Rad8 22. Nb3 Rxd1+ 23. Rxd1 Rxd1+ 24. Qxd1 Nd5 25. Nc5 Qb5 26. Qa4 Qxa4
27. Nxa4 Bc2 28. Nc5 b6 29. Nb7 g5 30. Nd6 Kg7 31. Bd4 a5 32. bxa5 bxa5 33. Nc4
Nf4 34. Be3 a4 35. Bxf4 gxf4 36. Nd6 Kg6 37. Ne8 h5 38. Nf6 hxg4 39. hxg4 Bd1
40. Kg2 Kg5 41. f3 Bc2 42. Kf2 Bd3 43. Nd7 Bb5 1/2-1/2

[Event "Open Olimpico A Maggio"]
[Site "Torino ITA"]
[Date "2006.05.26"]
[Round "6"]
[White "Vezzani, Stefano"]
[Black "Monge, Maurizio"]
[Result "1-0"]
[WhiteElo "2195"]
[BlackElo "1793"]
[PlyCount "33"]
[EventDate "2006.05.22"]

1. e4 e5 2. Nc3 Nf6 3. g3 Bb4 4. Bg2 O-O 5. Nge2 Nc6 6. O-O d6 7. d3 a6 8. h3
Bc5 9. Kh2 Ne8 10. f4 f5 11. exf5 Rxf5 12. g4 Rf8 13. fxe5 Rxf1 14. Qxf1 Ne7
15. d4 Ba7 16. Bg5 h6 17. Bd5+ 1-0

[Event "Open Olimpico A Maggio"]
[Site "Torino ITA"]
[Date "2006.05.26"]
[Round "6"]
[White "Vinciguerra, Marco"]
[Black "Al Sulaiti, Ghanem"]
[Result "0-1"]
[WhiteElo "2084"]
[BlackElo "2135"]
[PlyCount "74"]
[EventDate "2006.05.22"]

1. e4 c5 2. Nf3 Nc6 3. d3 e6 4. g3 d5 5. Nbd2 Nf6 6. Bg2 Be7 7. O-O O-O 8. c3
b6 9. Ne1 dxe4 10. Nxe4 Bb7 11. Qa4 Nxe4 12. dxe4 e5 13. Nc2 Na5 14. Ne3 Bc6
15. Qc2 Bg5 16. Nd5 Bxc1 17. Raxc1 Bxd5 18. exd5 Qd6 19. b4 cxb4 20. cxb4 Qxb4
21. Qc7 e4 22. d6 Rad8 23. Rfd1 f5 24. d7 b5 25. Qxa7 Nc4 26. Bf1 Nd2 27. a3
Qd6 28. Bxb5 Qh6 29. Bc4+ Kh8 30. Be2 f4 31. h4 fxg3 32. fxg3 Qd6 33. Qe3 Rf3
34. Bxf3 Qxg3+ 35. Kh1 Nxf3 36. Qxf3 exf3 37. Rd2 f2 0-1

[Event "Open Olimpico A Maggio"]
[Site "Torino ITA"]
[Date "2006.05.27"]
[Round "7"]
[White "Al Sulaiti, Ghanem"]
[Black "Simonenko, Sergey"]
[Result "0-1"]
[WhiteElo "2135"]
[BlackElo "2409"]
[PlyCount "70"]
[EventDate "2006.05.22"]

1. e4 g6 2. d4 Bg7 3. Nc3 d6 4. g3 Nf6 5. Bg2 O-O 6. Nge2 e5 7. h3 Nc6 8. Be3
exd4 9. Nxd4 Bd7 10. O-O a6 11. a4 Re8 12. Qd2 Ne5 13. b3 c5 14. Nde2 Bxh3 15.
f4 Bxg2 16. fxe5 Nxe4 17. Nxe4 Bxe4 18. exd6 Qd7 19. Kh2 Bxc2 20. Rac1 Bxb3 21.
Rxc5 Rad8 22. Bf4 Qg4 23. Nd4 Bxa4 24. Rg5 Qd7 25. Nf5 Bb5 26. Rf2 Bf6 27. Nh6+
Kg7 28. Ng4 Ba1 29. Qc1 Bd4 30. Qd2 Re4 31. Qxd4+ Rxd4 32. Be5+ Kf8 33. Bxd4 f5
34. Be5 Qe6 35. Bc3 Rxd6 0-1

[Event "Open Olimpico A Maggio"]
[Site "Torino ITA"]
[Date "2006.05.27"]
[Round "7"]
[White "Aliferopulos, Andrea"]
[Black "Frigieri, Fabrizio"]
[Result "0-1"]
[WhiteElo "1980"]
[BlackElo "2080"]
[PlyCount "65"]
[EventDate "2006.05.22"]

1. e4 c5 2. Nf3 Nc6 3. Bb5 e6 4. O-O Nge7 5. Re1 a6 6. Bf1 Ng6 7. c3 d5 8. exd5
Qxd5 9. d4 cxd4 10. cxd4 Be7 11. Nc3 Qd8 12. Be3 O-O 13. Rc1 Bf6 14. Ne4 Be7
15. Nc5 b6 16. Nd3 Nb4 17. Nxb4 Bxb4 18. Re2 Bb7 19. Rec2 Bd6 20. Nd2 f5 21. f3
Qb8 22. h3 Qd8 23. Nc4 Bb8 24. Kh1 b5 25. Nd2 Qd6 26. Bg1 Nf4 27. Be2 Rf6 28.
a4 Rg6 29. Rc8+ Bxc8 30. Rxc8+ Kf7 31. Rxb8 Rxb8 32. Bf1 Nh5 33. Bh2 0-1

[Event "Open Olimpico A Maggio"]
[Site "Torino ITA"]
[Date "2006.05.27"]
[Round "7"]
[White "Astengo, Corrado"]
[Black "Vehi Bach, Victor Manuel"]
[Result "1-0"]
[WhiteElo "2119"]
[BlackElo "2335"]
[PlyCount "49"]
[EventDate "2006.05.22"]

1. e4 c5 2. Nf3 e6 3. d4 cxd4 4. Nxd4 a6 5. Nc3 d6 6. Be3 Nf6 7. g4 h6 8. Rg1
Nc6 9. f3 d5 10. exd5 Nxd5 11. Nxd5 Qxd5 12. Nxc6 Qxc6 13. Qd2 e5 14. O-O-O Be7
15. Qa5 Be6 16. Qxe5 Bf6 17. Qc5 Qxc5 18. Bxc5 Rc8 19. Ba3 Bxa2 20. f4 Be6 21.
Bg2 Rc7 22. f5 Bg5+ 23. Kb1 Bc4 24. Rge1+ Be7 25. Re3 1-0

[Event "Open Olimpico A Maggio"]
[Site "Torino ITA"]
[Date "2006.05.27"]
[Round "7"]
[White "Colin, Vincent"]
[Black "Ilic, Ljubomir"]
[Result "1-0"]
[WhiteElo "2401"]
[BlackElo "2220"]
[PlyCount "137"]
[EventDate "2006.05.22"]

1. c4 c5 2. Nf3 g6 3. d4 cxd4 4. Nxd4 Bg7 5. e4 Nc6 6. Be3 d6 7. Nc3 Nf6 8. Be2
O-O 9. O-O Bd7 10. Qd2 Nxd4 11. Bxd4 Bc6 12. f3 Nd7 13. Be3 a5 14. b3 Nc5 15.
Rab1 Qc7 16. Rfc1 Rfc8 17. Bf1 Qd8 18. Rc2 Qf8 19. Kh1 Kh8 20. Qf2 f5 21. exf5
Qxf5 22. Rd1 Rf8 23. Nd5 Rf7 24. Rcd2 Raf8 25. Qh4 Bxd5 26. Rxd5 Qc2 27. R5d2
Qf5 28. Bd3 Nxd3 29. Rxd3 Bf6 30. Qe1 Ra8 31. Rd5 Qc2 32. Qd2 Qxd2 33. Bxd2 a4
34. Rb5 Rff8 35. Rxb7 axb3 36. axb3 Ra2 37. Bh6 Rfa8 38. Kg1 Kg8 39. Rd2 g5 40.
Rxa2 Rxa2 41. Rb5 Bd4+ 42. Kf1 e5 43. Rb7 e4 44. fxe4 Rf2+ 45. Ke1 Rxg2 46. h3
Bf6 47. b4 Rg3 48. e5 Bxe5 49. b5 Rc3 50. Rc7 Bd4 51. Bxg5 Rxh3 52. Kd2 h5 53.
Be7 Bc5 54. Rd7 Rh2+ 55. Kd3 Rh1 56. Ke4 Rd1 57. Bf6 h4 58. Rg7+ Kf8 59. Rh7
Bf2 60. Kf5 Rf1 61. Ke6 Re1+ 62. Kxd6 Bg3+ 63. Kd5 Rd1+ 64. Ke4 Rc1 65. Kd5
Rd1+ 66. Ke6 Re1+ 67. Kf5 Ke8 68. Bxh4 Bd6 69. Bxe1 1-0

[Event "Open Olimpico A Maggio"]
[Site "Torino ITA"]
[Date "2006.05.27"]
[Round "7"]
[White "Coqueraut, Lodewyk"]
[Black "Crepaldi, Manuele"]
[Result "0-1"]
[WhiteElo "1966"]
[BlackElo "1772"]
[PlyCount "74"]
[EventDate "2006.05.22"]

1. d4 g6 2. c4 Bg7 3. e4 d6 4. Nc3 Nc6 5. Be3 e5 6. d5 Nd4 7. Nge2 c5 8. dxc6
Nxc6 9. Nc1 a6 10. Nd5 Nd4 11. Nb3 Nc6 12. Bb6 Qh4 13. Nc7+ Ke7 14. Nxa8 Nf6
15. Qxd6+ Kxd6 16. O-O-O+ Nd4 17. Bxd4 exd4 18. Rxd4+ Ke5 19. g3 Qh6+ 20. f4+
Ke6 21. c5 Ke7 22. Nb6 Be6 23. Na5 Nh5 24. Nd5+ Bxd5 25. Rxd5 Nxf4 26. gxf4
Qxf4+ 27. Rd2 Rd8 28. Nc4 Rxd2 29. Nxd2 Bh6 30. Kc2 Qxd2+ 31. Kb3 Qe3+ 32. Ka4
Qxe4+ 33. Ka5 Qxh1 34. Bc4 Qc6 35. b4 Bd2 36. a4 Qxc5+ 37. Bb5 Bxb4# 0-1

[Event "Open Olimpico A Maggio"]
[Site "Torino ITA"]
[Date "2006.05.27"]
[Round "7"]
[White "De Coverly, Roger D."]
[Black "Flores Rios, Mauricio"]
[Result "1/2-1/2"]
[WhiteElo "2083"]
[BlackElo "2373"]
[PlyCount "128"]
[EventDate "2006.05.22"]

1. Nf3 Nf6 2. c4 g6 3. g3 Bg7 4. Bg2 O-O 5. Nc3 d6 6. d4 Nbd7 7. O-O e5 8. h3
Re8 9. e4 exd4 10. Nxd4 a6 11. Re1 Rb8 12. a4 c6 13. a5 Ne5 14. Bf1 Qc7 15. f4
Ned7 16. Bg2 c5 17. Nf3 h6 18. e5 dxe5 19. fxe5 Nh7 20. Nd5 Qd8 21. Bf4 Re6 22.
g4 Kh8 23. Ra3 Nhf8 24. Bg3 b5 25. Nb6 Qe8 26. Nxc8 Qxc8 27. cxb5 axb5 28. a6
b4 29. Ra4 Nb6 30. a7 Ra8 31. Ra2 Qc7 32. Qa1 Re7 33. Bf2 Ne6 34. Rc1 Rxa7 35.
Rxa7 Qxa7 36. Qxa7 Rxa7 37. Bxc5 Rc7 38. Be3 Nc4 39. Kf2 Nxb2 40. Rxc7 Nxc7 41.
Ke2 Ne6 42. Bc1 Na4 43. Ne1 g5 44. Nd3 Nd4+ 45. Ke3 Nb3 46. Bc6 Nxc1 47. Nxc1
Nc5 48. Nd3 Nxd3 49. Kxd3 Bxe5 50. Bd5 Kg7 51. Ke4 Kf6 52. Bb3 Bc3 53. Bc4 Bb2
54. Bb3 Kg6 55. Bc4 f5+ 56. gxf5+ Kf6 57. Be6 h5 58. Bb3 Be5 59. Bd1 h4 60. Bg4
b3 61. Kd3 Ke7 62. Kd2 Bb2 63. Bd1 Kf6 64. Bxb3 Kxf5 1/2-1/2

[Event "Open Olimpico A Maggio"]
[Site "Torino ITA"]
[Date "2006.05.27"]
[Round "7"]
[White "Ferretti, Carlo"]
[Black "Finocchiaro, Gianluca"]
[Result "1-0"]
[WhiteElo "1991"]
[BlackElo "1934"]
[PlyCount "39"]
[EventDate "2006.05.22"]

1. e4 d6 2. d4 Nf6 3. Nc3 c6 4. f4 Qa5 5. Bd3 e5 6. dxe5 dxe5 7. f5 Bc5 8. Bd2
Bxg1 9. Rxg1 Qb6 10. Rf1 h5 11. Na4 Qd4 12. Nc3 Ng4 13. Qf3 Nxh2 14. Qg3 Nxf1
15. Qxg7 Rf8 16. Bxf1 Nd7 17. O-O-O a5 18. Bg5 Qc5 19. Na4 Qb4 20. Qxe5+ 1-0

[Event "Open Olimpico A Maggio"]
[Site "Torino ITA"]
[Date "2006.05.27"]
[Round "7"]
[White "Fossati, Remigio"]
[Black "Iudicello, Massimo"]
[Result "1-0"]
[WhiteElo "2181"]
[BlackElo "2141"]
[PlyCount "91"]
[EventDate "2006.05.22"]

1. d4 Nf6 2. c4 c5 3. d5 e6 4. Nc3 exd5 5. cxd5 d6 6. Nf3 g6 7. Bg5 h6 8. Bh4
Bg7 9. e3 O-O 10. Be2 a6 11. a4 g5 12. Bg3 Nh5 13. Nd2 Nxg3 14. hxg3 Nd7 15.
Nc4 Nb6 16. Na3 Bf5 17. g4 Bg6 18. Bd3 Qe7 19. a5 Nd7 20. Nc4 Rab8 21. Qc2 Kh7
22. Bf5 Ne5 23. Nxe5 Bxe5 24. Na4 Qf6 25. O-O-O Bxf5 26. gxf5 Kg7 27. Nb6 Qe7
28. Nc4 Bf6 29. g4 Be5 30. Rxh6 Rh8 31. Rhh1 Rxh1 32. Rxh1 Rh8 33. Rxh8 Kxh8
34. Kd1 f6 35. Qe4 Qg7 36. Kc1 Qh6 37. Kd2 Qh2 38. Ke2 Kg7 39. Nxe5 fxe5 40.
f6+ Kxf6 41. Qf5+ Kg7 42. Qxg5+ Kf8 43. Qf6+ Kg8 44. Qg6+ Kf8 45. Qxd6+ Kg8 46.
Qe6+ 1-0

[Event "Open Olimpico A Maggio"]
[Site "Torino ITA"]
[Date "2006.05.27"]
[Round "7"]
[White "Imbraguglia, Fabio"]
[Black "Rossetti, Mauro"]
[Result "1/2-1/2"]
[WhiteElo "2072"]
[BlackElo "2115"]
[PlyCount "109"]
[EventDate "2006.05.22"]

1. d4 Nf6 2. c4 e6 3. Nc3 Bb4 4. e3 Bxc3+ 5. bxc3 d6 6. Bd3 Nbd7 7. f4 e5 8. e4
O-O 9. Nf3 exd4 10. e5 dxe5 11. fxe5 Nxe5 12. Nxe5 Re8 13. cxd4 c5 14. Bxh7+
Nxh7 15. O-O Qxd4+ 16. Qxd4 cxd4 17. Nxf7 Re2 18. Nd6 Be6 19. Ba3 Nf6 20. Rfe1
d3 21. Rxe2 dxe2 22. Re1 Ne8 23. Rxe2 Nxd6 24. Rxe6 Nxc4 25. Bc5 b6 26. Re4 Nd2
27. Re2 bxc5 28. Rxd2 Kf7 29. Rd7+ Ke6 30. Rxg7 Rf8 31. Rxa7 Kd5 32. h4 c4 33.
Rc7 Kd4 34. g4 c3 35. g5 Kd3 36. g6 c2 37. g7 Rg8 38. h5 Rxg7+ 39. Rxg7 c1=Q+
40. Kh2 Qh6 41. Rg3+ Kc2 42. Rh3 Qf4+ 43. Kg2 Qg4+ 44. Kh2 Qf4+ 45. Kg2 Qh6 46.
Kf3 Kd3 47. a3 Qf6+ 48. Kg3 Qg5+ 49. Kf2+ Ke4 50. h6 Qd2+ 51. Kg1 Qe1+ 52. Kg2
Qe2+ 53. Kg1 Qd1+ 54. Kg2 Qg4+ 55. Kh2 1/2-1/2

[Event "Open Olimpico A Maggio"]
[Site "Torino ITA"]
[Date "2006.05.27"]
[Round "7"]
[White "Jones, Alessandro"]
[Black "Canonne, Antoine"]
[Result "1/2-1/2"]
[WhiteElo "1824"]
[BlackElo "2052"]
[PlyCount "74"]
[EventDate "2006.05.22"]

1. d4 Nc6 2. Nf3 d5 3. e3 Bg4 4. Be2 e6 5. Nbd2 Nf6 6. O-O Bd6 7. c4 O-O 8. a3
Re8 9. b4 a6 10. Bb2 Bxf3 11. Nxf3 Ne4 12. b5 axb5 13. cxb5 Na5 14. Qc2 b6 15.
Bc3 Nxc3 16. Qxc3 Qe7 17. Rfc1 f6 18. Ra2 Ra7 19. a4 Rea8 20. Bd1 Nb7 21. Qd3
Qf7 22. Re2 Rd8 23. Bc2 Qh5 24. e4 Bf8 25. Re3 Kf7 26. Bd1 Qg6 27. Rxc7+ Kg8
28. e5 Qxd3 29. Rxd3 Nc5 30. Rxa7 Nxd3 31. Rc7 fxe5 32. dxe5 Bc5 33. Kf1 Nxf2
34. Rxc5 Nxd1 35. Rc6 Nb2 36. Rxb6 Nxa4 37. Rxe6 d4 1/2-1/2

[Event "Open Olimpico A Maggio"]
[Site "Torino ITA"]
[Date "2006.05.27"]
[Round "7"]
[White "Kruijf, Caspar"]
[Black "Bozzali, Ermanno"]
[Result "0-1"]
[WhiteElo "2012"]
[BlackElo "2089"]
[PlyCount "58"]
[EventDate "2006.05.22"]

1. e4 c5 2. Nc3 Nc6 3. g3 g6 4. Bg2 Bg7 5. d3 d6 6. Be3 Rb8 7. f4 Nd4 8. Qd2 e6
9. Nd1 Ne7 10. c3 Ndc6 11. Nf3 f5 12. O-O O-O 13. Bf2 b5 14. Ne3 b4 15. exf5
bxc3 16. bxc3 gxf5 17. Rab1 Bd7 18. d4 cxd4 19. Nxd4 Nxd4 20. cxd4 d5 21. Rxb8
Qxb8 22. Rc1 Rc8 23. Rxc8+ Nxc8 24. Nd1 Nd6 25. Qc2 Ne4 26. Be3 Qb4 27. Bxe4
fxe4 28. Qf2 Qb1 29. Qf1 Bb5 0-1

[Event "Open Olimpico A Maggio"]
[Site "Torino ITA"]
[Date "2006.05.27"]
[Round "7"]
[White "Leoni, Alessandro"]
[Black "Giacomasso, Enrico"]
[Result "1/2-1/2"]
[WhiteElo "1835"]
[BlackElo "1942"]
[PlyCount "51"]
[EventDate "2006.05.22"]

1. e4 c5 2. Nf3 d6 3. d4 cxd4 4. Nxd4 Nf6 5. Nc3 a6 6. Bc4 e6 7. Bb3 Be7 8. O-O
O-O 9. f4 Qc7 10. Be3 Nc6 11. Qf3 b5 12. Nxc6 Qxc6 13. e5 Qxf3 14. Rxf3 Ng4 15.
Bd4 dxe5 16. fxe5 Bb7 17. Rd3 Rfd8 18. Kh1 Bh4 19. Nd1 Be4 20. Rh3 Be1 21. c3
a5 22. a3 a4 23. Ba2 Bc2 24. Kg1 Bd2 25. Bb1 Bxb1 26. Rxb1 1/2-1/2